| 000 | 00695nam a22001817a 4500 | ||
|---|---|---|---|
| 008 | 130821s1928 enk gr deng | ||
| 040 |
_aCo-BoUCM _bspa |
||
| 041 | 0 | 0 | _aeng |
| 100 |
_aBrodrick, James _9150228 |
||
| 245 | 0 | 4 |
_aThe life and work of Blessed Robert Francis, Cardinal Bellarmine, S.J., 1542-1621 _cJames Brodrick |
| 260 |
_aLondres (Inglaterra) _bBurns Oates and Washbourne Ltda _c1928 |
||
| 300 | _a2 volúmenes | ||
| 600 |
_aBelarmino, Roberto _cCardenal _d1542-1621 _9150249 |
||
| 600 |
_aBelarmino, Roberto _cCardenal _d1542-1621 _vBiografías _9150250 |
||
| 650 | 0 | 4 |
_aBiografías _97343 |
| 942 |
_cLIBRO _a19 _e1 _mB76 _n0 _2DEWEY _h922.2 |
||
| 999 |
_c86968 _d86968 |
||